|
|
|
|
| LEADER |
00000ctm a22000007a 4500 |
| 001 |
4859 |
| 003 |
CZ-ZlUTB |
| 005 |
20240830152400.0 |
| 008 |
041206s2004^ xr ||||| ||||| |||||cze|d |
| 040 |
|
|
|a ZLD002
|b cze
|c ZLD002
|d ZLD002
|
| 080 |
|
|
|a 621.3
|2 v
|
| 080 |
|
|
|a 657
|2 v
|
| 080 |
|
|
|a 658.14/.17
|2 v
|
| 100 |
1 |
|
|a Letochová, Kateřina
|4 dis
|
| 245 |
1 |
0 |
|a Finanční analýza podniku XY s.r.o.
|h [rukopis] :
|b bakalářská práce /
|c Kateřina Letochová ; [vedoucí bakalářské práce Zuzana Holočiová]
|
| 260 |
|
|
|c 2004
|
| 300 |
|
|
|a 61 l., [6] l. příl. :
|b il.
|
| 650 |
0 |
4 |
|a SWOT
|
| 650 |
0 |
4 |
|a Strojírny Olšovec (Brno, Česko)
|
| 650 |
0 |
7 |
|a finanční analýza
|7 ph120235
|2 czenas
|
| 655 |
|
4 |
|a bakalářská práce
|
| 700 |
1 |
|
|a Tučková, Zuzana,
|d 1977-
|7 mzk2005282529
|4 ths
|
| 710 |
2 |
|
|a Univerzita Tomáše Bati ve Zlíně.
|b Ústav podnikové ekonomiky
|7 mzk2005266512
|4 dgg
|
| 952 |
|
|
|0 0
|1 0
|4 0
|6 D2004LETOCHOVÁK
|7 1
|8 MANUS
|9 7882
|a UTBZL
|b UTBZL
|c 001
|d 2006-07-29
|l 0
|o D2004/LETOCHOVÁ,K.
|p 420010088785
|r 2019-08-25 00:00:00
|w 2019-08-25
|x 20100831
|y 10
|
| 992 |
|
|
|a DS
|
| 999 |
|
|
|c 4859
|d 4859
|
| 993 |
|
|
|x NEPOSILAT
|y VSKP
|